Statystyki dla Wszystkie piosenki na których wystąpił Bedoes

Kliknij tutaj aby rozwiązać quiz!

Ogólne statystyki

  • Ten quiz został rozwiązany 28 razy
  • Średni wynik to 39 z 133

Statystyki odpowiedzi

PŁYTAPIOSENKA% Poprawnych
SOMA 0,5 mg8 kobietTACONAFIDE feat. Bedoes
65%
JanosikBedoes feat. Golec uOrkiestra
65%
Opowieści z Doliny Smoków1998 (mam to we krwi)
61%
DelfinBedoes feat. Koldi, Young Multi, Beteo
61%
Kwiat Polskiej Młodzieży
61%
Opowieści z Doliny Smoków
61%
Wschód (lubię zapierdalać)Bedoes feat. Kosa, White 2115
61%
Chłopaki nie płacząBedoes feat. Taco Hemingway
57%
------------------------EldoradoDeemx x Bedoes x PlanBe
57%
EuropaEuropaTaco Hemingway feat. Bedoes
57%
------------------GÓRĄ TYGOLEC uORKIESTRA & GROMEE feat. BEDOES
57%
RockstarNowi KumpleWhite 2115 feat. Bedoes, Kuqe
57%
Toy StoryBedoes feat. Rafonix
57%
05:05
52%
Nowa FalaDiamentyYOUNG MULTI feat. Bedoes
52%
GadyBedoes feat. Białas, Eldo
52%
Hotel MaffijaHotel MaffijaJan-rapowanie, Janusz Walczuk, Białas, White 2115, Bedoes, Adi Nowak, Beteo, Mata, Solar
52%
Rewolucja Romantyczna
52%
SAUVAGEBedoes feat. Białas, Taco Hemingway
52%
Aby śmierć miała znaczenie
48%
Biały i młody
48%
Brzydkie Rzeczy
48%
Doda :*
48%
Rewolucja RomantycznaIntro
48%
Mercedes GLE CoupeBedoes feat. Blacha, Kuqe, Flexxy
48%
Nadchodzi lato
48%
VOGUE
48%
SQUADSHIT #12A ty?
43%
FPS
43%
------------------------Gucci ManeDeemz X Bedoes X Young Multi
43%
Pokój ZeroJestem ZdrowySolar feat. Bedoes
43%
Jesteś ładniejsza niż na zdjęciach (na zawsze)
43%
TRAPICAL MOONBraciszkuBLACHA feat. Bedoes
39%
Chrome Hearts /
39%
CzarownicaBedoes, White, Kuqe
39%
Gang, gang, gang
39%
GivenchyBedoes feat. Solar
39%
LasyBedoes, Białas, Moli, Solar
39%
Mbappe /
39%
POLONNa SerioBiałas & Lanek feat. Bedoes
39%
Playboy (dla Lanka)Bedoes feat. Blacha
39%
Polaco (to też)Bedoes feat. Mr. Polska
39%
Śnieg
39%
------------------------00:45(Rest Dix37 odpowiedź)
35%
1000 koni
35%
GOOD7UCKAmerykańskie FuryReTo feat. Bedoes, Szymi Szyms
35%
Bardzo przepraszam
35%
City Boy:*
35%
------------------------Gustaw
35%
Hardcore PleasureBedoes feat. Flexxy 2115, Kuqe 2115
35%
Kwiat Polskiej MłodzieżyIntrodukcja
35%
Napad
35%
ROMANTIC PSYCHONIEPŁACZĘPONOTREDAMEQuebonafide feat. Bedoes
35%
Smoki
35%
Tarzan
35%
TOA$T /
35%
Zimna noc i szybkie autaWhite 2115, Bedoes
35%
Anarchia 2019 (zawsze chciałem to zrobić)
30%
Anioły
30%
Biorę się w garśćMata, Bedoes, White 2115, Solar, Janusz Walczuk, Adi Nowak
30%
Popkiller Młode Wilki 5 (2016/17)Dla nasEmes Milligan, PlanBe, ReTo, Smolasty, Duchu, Tymin, Anatom, Bedoes, Paweł Bokun, The Blu Mantic
30%
Dla sióstrBedoes, Białas, White 2115
30%
HymnBedoes feat. Solar, Białas
30%
Lesbijki
30%
Bajki na dobranocMarzeniaMr. Polska feat. Bedoes
30%
MichelangeloBedoes feat. Pressa
30%
NFZ
30%
H8M4Patrzcie idzie frajerBiałas feat. Bedoes
30%
Rivendell
30%
Wow
30%
Bukiet Białych Róż (SQUADSHIT #13) /Bedoes feat. BLU
26%
MIYOChokerMIYO x Bedoes
26%
Gretzkii /Bedoes feat. Flexxy 2115
26%
H8M5MorfinaBiałas feat. Bedoes
26%
Dzieci duchyNa osiedluSzpaku feat. Bedoes
26%
Nawiedzony Dom /Bedoes feat. Szpaku
26%
Tajemnice Atlantydy
26%
TypieBedoes feat. ReTo
26%
C'est la vie
22%
Fendi (poznaliśmy się w studio)Bedoes feat. Smxkey Nunno
22%
Frenezja Romantyczna :*
22%
Fresh Prince (trill 4ever)Bedoes feat. Malik Montana
22%
Gdzie jest Eis? (to dla was)
22%
Jon SnowBedoes feat. White
22%
Kolega brata rapera
22%
LTTNBedoes, Janusz Walczuk, KACPERCZYK
22%
NBP /
22%
ParkometrBedoes & Drużyna 2115
22%
------------------------Pinokio(Filipek Diss)
22%
RazBedoes feat. Beteo
22%
Tatuaże i Striptiz /
22%
DM
17%
Ibra
17%
SQUADSHIT #9Jumpman
17%
Łzy (pierwszy kawałek na tej płycie)Bedoes feat. Kuqe 2115
17%
Marseille :*
17%
Moi Ludzie /Bedoes feat. Kuqe 2115, Eis
17%
NaNaNa REMIXBEDOES x ZUI
17%
HOODIENOWE AUTABeteo feat. Bedoes
17%
Wędrowiec Nad Morzem Mgły /Bedoes feat. Białas
17%
H8Zło jest wszędzieBiałas feat. Bedoes
17%
------------------------AŚMZ(Filipek Diss)
13%
TrapstarKiedy odejdęYOUNG MULTI feat. Bedoes
13%
SQUADSHIT #13Mama
13%
IN HAJS WE TRUST 2MelexBIAŁAS & LANEK feat. Bedoes
13%
------------------------Młody TarzanBLACHA feat. Bedoes, White
13%
Gdzie jest Eis?Najlepsze DniEis feat. Bedoes
13%
Niewieścin Bydgoszcz /
13%
PapitoBedoes feat. Kuqe
13%
TeslaBLACHA feat. Bedoes, KUQE, Flexxy
13%
------------------------Wpłatomat(Tomb Diss)
13%
European Love
9%
Import/ExportKhudaMalik Montana feat. Bedoes
9%
Kold Nights
9%
LostBedoes feat. Taco Hemingway
9%
Piosenka o miłościBedoes, Flexxy
9%
FAMAPod PrądBLACHA feat. Bedoes
9%
Vivienne Westwood :*
9%
ZiomekSolar/Białas feat. Bedoes
9%
BejbiBesosBeteo feat. Bedoes
4%
DZIADZIORBETON FESTdonGURALesko x Bedoes x Donatan
4%
2119 EPBrixton Kallin
4%
Faded
4%
------------------------Filipiny
4%
AŚMZŁK 1,46-55
4%
#nowanormalnoscTym się jaramSolar/Białas feat. Bedoes
4%
SQUADSHIT #10Beddy Soprano
0%
------------------------Big Poppa RMXBedoes x Beteo x Malik Montana
0%
------------------#hot16challenge2
0%
------------------------ŁańcuchWhite 2115 feat. Bedoes
0%
Jedyny JedynyNie mogę patrzećBeteo feat. Zui, Bedoes
0%
ECHONowe Stare Pokolenie101 Decybeli feat. Bedoes, Deobson, Danny
0%
SQUADSHIT #11Zła SławaBEDOES x WHITE NIGGA
0%

Rozkład punktacji

Percentyl według liczby udzielonych odpowiedzi

Procent ludzi z każdym wynikiem

Twoja historia wyników

Nie rozwiązałeś tego quizu